000 00512nam a2200193Ia 4500
005 20250508164613.0
008 008 250505s9999 xx 000 0 hin d
037 _aTextual
040 _aFEDL
_beng
_cFEDL
041 _ahin
_2hin
084 _a394.26, NEH
_qFEDL
245 0 _aBhartiye tohar
260 _aNew Delhi, India
_bNational Book Trust
_c1988
300 _a119p.
490 _aNehru Bal Pustakalya
546 _aMACESE
942 _cTEXL
_h394.26, NEH
999 _c1390090
_d1390090